000 00374nam a2200145Ia 4500
008 150201s2007 xx 000 0 und d
082 _a610.734
_bO07W
100 _aWHO
245 _aON BEING IN CHARGE : A GUIDE TO MANAGEMENT IN PRIMARY HEALTH CARE
250 _a2ND
260 _bAITBS
_aDELHI
_c2007
300 _a472
650 _aCOMMUNITy NURSING
942 _2ddc
_cBK
_01
999 _c2409
_d2409